000 00534nam a2200205 a 4500
001 9503
003 CO-ViMGA
008 141112s2004 ck r 000 u spa d
020 _a9586824163
040 _aCO-ViMGA
_bspa
_cCO-ViMGA
082 0 4 _a331.252 C518s
100 1 _aClavijo, Sergio
_910518
110 _aRevista Cambio
_910519
245 1 0 _aSostenibilidad pensional y gasto social
260 _aBtá,
_cAlfaomega 2002
300 _a46.p.
650 1 4 _aPENSIONES
_910520
650 1 4 _aSEGURIDAD SOCIAL
_951597
942 _2ddc
_cBK
999 _c21000
_d21000